Countries but the Most Used Letter is Gone - Statistics

General Stats
  • This quiz has been taken 30 times
  • The average score is 14 of 16
Answer Stats
Hint Country % Correct
J_P_N Japan
100%
M_NG_LIA Mongolia
100%
C_N_D_ Canada
96%
F_J_ Fiji
96%
SW_D_N Sweden
96%
_R_G_AY Uruguay
96%
GU_TEM_L_ Guatemala
93%
P_R_GU_Y Paraguay
93%
C_M_R_S Comoros
85%
GUY_N_ Guyana
85%
K_R_BAT_ Kiribati
85%
LES_TH_ Lesotho
85%
NA_R_ Nauru
85%
P_L_U Palau
85%
T_VAL_ Tuvalu
85%
NIC_R_GU_A Nicaragua
81%
No matching quizzes found
Score Distribution
Percent of People with Each Score
Percentile by Number Answered
Your Score History
You have not taken this quiz